Iron and Steel ommittee

Sparad:
Bibliografiska uppgifter
Institutionell upphovsman: International Labour Organisation Programme of Industrial Activities
Materialtyp: Bok
Språk:Undetermined
Publicerad: Geneva International Labour Office 1975
Ämnen:
Taggar: Lägg till en tagg
Inga taggar, Lägg till första taggen!
Thư viện lưu trữ: Trung tâm Học liệu Trường Đại học Cần Thơ
LEADER 00598nam a2200181Ia 4500
001 CTU_85901
008 210402s9999 xx 000 0 und d
082 |a 614.8 
082 |b I.61 
110 |a International Labour Organisation Programme of Industrial Activities 
245 0 |a Iron and Steel ommittee 
245 0 |c International Labour Organisation Programme of Industrial Activities 
260 |a Geneva 
260 |b International Labour Office 
260 |c 1975 
650 |a Iron and Steel,Sắt và thép 
904 |i Năm 
980 |a Trung tâm Học liệu Trường Đại học Cần Thơ